A carregar...
The law reports 1969 House of Lords and judicial committee of the privy council and peerage cases :Appeal cases
| Idioma: | English |
|---|---|
| Publicado em: |
London
The incorporated council of law reporting for england and wales
1969
|
| Edição: | Vol.2 |
| Assuntos: |
Law Rports
> AC
|
| LEADER | 00605nam a22001577a 4500 | ||
|---|---|---|---|
| 005 | 20200730164444.0 | ||
| 008 | 170130b xxu||||| |||| 00| 0 eng d | ||
| 082 | |b AC | ||
| 245 | |a The law reports 1969 House of Lords and judicial committee of the privy council and peerage cases |b :Appeal cases | ||
| 250 | |a Vol.2 | ||
| 260 | |a London |b The incorporated council of law reporting for england and wales |c 1969 | ||
| 300 | |a x,398p | ||
| 650 | |a Law Rports |x AC |9 1804 | ||
| 942 | |c BJ |6 _ | ||
| 999 | |c 208055 |d 208055 | ||
| 952 | |0 0 |1 0 |4 0 |6 AC_ |7 0 |9 264689 |a SLS |b SLS |d 2017-01-30 |l 2 |o AC |p SLS005403 |r 2017-02-06 |s 2017-02-02 |w 2017-01-30 |y BJ | ||